| 000 | 00548nam a2200157 a 4500 | ||
|---|---|---|---|
| 001 | 000029756 | ||
| 005 | 20200930055801.0 | ||
| 008 | 110425s1929 dr 000 0 spa d | ||
| 040 |
_aDO-SdBNP _bspa _cBNPHU |
||
| 082 |
_axxxx _bR426t |
||
| 110 | 1 |
_aRepública Dominicana _bSecretaría de Estado de Relaciones Exteriores _92256 |
|
| 245 | 1 | 0 | _aTratado fronterizo domínico-haitiano. |
| 260 |
_aSanto Domingo : _bImprenta J. R. Vda García, _c1929. |
||
| 300 |
_a23 p. ; _c26 cm. |
||
| 500 | _aFirmado en la ciudad de Sto. Domingo, el 21 de Enero de 1929 | ||
| 999 |
_c29248 _d29248 |
||